Statistics for Fruits & Vegetables A-Z by Picture

Click here to take the quiz!

General Stats

  • This quiz has been taken 310 times
  • The average score is 19 of 24

Answer Stats

Answer % Correct
Banana
99%
Cherry
99%
Kiwi
98%
Lemon
98%
Avocado
97%
Strawberry
97%
Mushroom
97%
Onion
97%
Eggplant
95%
Watermelon
95%
Tomato
95%
Date
88%
Fig
88%
Papaya
85%
Grapefruit
83%
Zucchini
82%
Nectarine
80%
Yam
67%
Rhubarb
66%
Vanilla
66%
Jackfruit
58%
Quince
50%
Horseradish
38%
Ulluco
2%

Score Distribution

Percentile by Number Answered

Percent of People with Each Score

Your Score History

You have not taken this quiz